00636nam a2200205 a 450000100060000000300080000600500170001400800410003103500190007204000360009104100080012708200220013510000190015724501130017625000120028926000670030130000260036850000100039465000260040451010BD-RjUL20211209075610.0160829m19631946enk 001 0 eng d a(BD-RjUL)51130 aDLCcWITdSER/EUXdBD-RjULbeng aeng a515223bMAM 19631 aMaxwell, E. A.14aThe methods of plane projective geometry based on the use of general homogeneous coordinates /cE.A. Maxwell a1st ed. aCambridge :bCambridge University Press,c1946, [Edition 1963] axix, 230 p. ;c23 cm. aindex 0aGeometryv Projective